|
|
|
|
| LEADER |
01006nam a2200253 a 4500 |
| 001 |
4573848 |
| 008 |
091117s1973 sz b 000 0 eng d |
| 010 |
|
|
|a 74169652
|
| 020 |
|
|
|a 9221010392
|
| 040 |
|
|
|a DLC
|c DLC
|d DLC
|
| 082 |
0 |
0 |
|a 331.1/1/091724
|2 18
|
| 245 |
0 |
0 |
|a Strategies for employment promotion;
|b an evaluation of four inter-agency employment missions.
|
| 260 |
|
|
|a Geneva,
|b International Labour Office,
|c 1973.
|
| 300 |
|
|
|a iii, 162 p.
|c 24 cm.
|
| 490 |
0 |
|
|a Employment research papers
|
| 504 |
|
|
|a Includes bibliographical references.
|
| 541 |
1 |
|
|e 00000082
|
| 650 |
|
0 |
|a Labor supply
|z Developing countries.
|
| 650 |
|
0 |
|a Manpower policy
|z Developing countries.
|
| 650 |
|
0 |
|a Unemployment
|z Developing countries.
|
| 710 |
2 |
|
|a International Labour Office.
|
| 852 |
4 |
|
|a Ayesha Abed Library
|j General Shelf.
|
| 999 |
|
|
|c 5652
|d 5652
|
| 952 |
|
|
|0 0
|1 0
|2 ddc
|4 0
|6 331_110917240000000_STR_1973
|7 0
|9 5570
|a BRACUL
|b BRACUL
|c GEN
|d 2009-11-21
|g 112.00
|l 0
|o 331.11091724 STR
|p 3010000082
|r 2016-08-30
|t 1
|w 2009-11-21
|y BK
|